000 00531nam a22001817a 4500
005 20231124120005.0
008 231124b |||||||| |||| 00| 0 eng d
020 _a9780409059441
041 _aEnglish
082 _a340.5 VAN
100 _avan Blerk, AE
_lEnglish
245 _aJurisprudence an Introduction /
_cAE van Blerk
250 _aRevised Edition
260 _aDurban :
_bLexisNexis,
_c1998
300 _bxii, 254 pages ;
_c25 cm.
650 _aLegal practice
_bLaw
942 _cBK
_6ALISON_BN_VRIES
999 _c941
_d941